Normal view MARC view

Entry Título uniforme

Number of records used in: 1

001 - NÚMERO DE CONTROL

  • campo de control: 156299

003 - IDENTIFICADOR DE NÚMERO DE CONTROL

  • campo de control: OSt

005 - FECHA Y HORA DE LA ÚLTIMA TRANSACCIÓN

  • campo de control: 20230222193134.0

008 - ELEMENTOS DE DATO DE LONGITUD-FIJA

  • campo de control de longitud fija: 150206 b azzaaaaaa a aaa d

040 ## - FUENTE DE CATALOGACIÓN

  • Centro catalogador/agencia de origen: OSt
  • Centro/agencia transcriptor: OSt

130 #0 - ENCABEZAMIENTO--TÍTULO UNIFORME

  • Título uniforme: Beato de Tábara

410 2# - TRAZADO DE VÉASE--NOMBRE DE ENTIDAD CORPORATIVA

  • Nombre de entidad corporativa o nombre de jurisdicción como elemento de entrada: Archivo Histórico Nacional (España).
  • Subencabezamiento de forma: Manuscrito. (
  • Número del congreso/reunión o número de parte o sección: Cod. 1097B)